书目信息 |
| 题名: |
本草纲目
|
|
| 作者: | 李时珍 著 | |
| 分册: | ||
| 出版信息: | 沈阳 万卷出版公司 2009 |
|
| 页数: | 23,580页 | |
| 开本: | 23cm | |
| 丛书名: | 品读国学经典·家藏四库丛书 | |
| 单 册: | ||
| 中图分类: | R281.3 | |
| 科图分类: | ||
| 主题词: | ||
| 电子资源: | ||
| ISBN: | 978-7-80759-666-0 | |
| 000 | 00716oam2 2200241 45 | |
| 001 | 1133477000 | |
| 005 | 20110413093713.81 | |
| 010 | @a978-7-80759-666-0@dCNY32.30 | |
| 100 | @a20110316e20102009em y0chiy0120 ea | |
| 101 | @achi | |
| 102 | @aCN@b210000 | |
| 105 | @aa z 000yy | |
| 106 | @ar | |
| 200 | @a本草纲目@ABen Cao Gang Mu@e插图本@ECha Tu Ben@f李时珍著@FLi Shi Zhen Zhu | |
| 210 | @a沈阳@c万卷出版公司@d2009@h2010 | |
| 215 | @a23,580页@d23cm | |
| 225 | 2 | @a品读国学经典·家藏四库丛书 |
| 461 | 0 | @12001 @a品读国学经典·家藏四库丛书 |
| 605 | @a本草纲目 | |
| 690 | @aR281.3@v4 | |
| 701 | 0 | @a李时珍@ALi Shi Zhen@f(1518~1593)@4著 |
| 801 | 0 | @aCN@bTANGWEI@c20110413 |
| 905 | @b0533513-17@dR281.3@e286@f5 | |
| 本草纲目:插图本/李时珍著.-沈阳:万卷出版公司,2009(2010) |
| 23,580页;23cm.-(品读国学经典·家藏四库丛书) |
| ISBN 978-7-80759-666-0:CNY32.30 |
| ● |
| 相关链接 |
|
|
|
|
正题名:本草纲目
索取号:R281.3/286
 
预约/预借
| 序号 | 登录号 | 条形码 | 馆藏地/架位号 | 状态 | 备注 |
| 1 | 0533513 | 205335136 | 第二样本阅览室/ [索取号:R281.3/286] | 在馆 | |
| 2 | 0533514 | 205335145 | 第三借阅区/ [索取号:R281.3/286] | 在馆 | |
| 3 | 0533515 | 205335154 | 第三借阅区/ [索取号:R281.3/286] | 在馆 | |
| 4 | 0533516 | 205335163 | 第三借阅区/ [索取号:R281.3/286] | 在馆 | |
| 5 | 0533517 | 205335172 | 第三借阅区/ [索取号:R281.3/286] | 在馆 |